| 000 | 00530cam a22002171 4500 | ||
|---|---|---|---|
| 001 | sa 67005745 | ||
| 003 | DLC | ||
| 005 | 20260227112400.0 | ||
| 008 | 890718s1966 ii 000 0 maro | ||
| 010 | _asa 67005745 | ||
| 035 | _a(OCoLC)20027151 | ||
| 040 |
_aDLC _cWaU _dDLC |
||
| 042 | _apremarc | ||
| 050 | 0 | 0 |
_aPK2418.D433 _bU8 |
| 100 | 1 |
_aDeśapāṇḍe, Vāmana Nārāyaṇa, _d1903-1975. |
|
| 245 | 1 | 0 | _aUttarāyaṇa. |
| 260 | _c[1966] | ||
| 300 |
_a5, 54 p. _c19 cm. |
||
| 500 | _aIn Marathi. | ||
| 500 | _aPoems. | ||
| 999 |
_c75415 _d75415 |
||